000
00286nam a22001217a 4500
082
_a
001
_b
BOY/W
100
_a
BOYER,CRISPIN
245
_a
WHY ANSWERS TO EVERYTHING
260
_a
WASHINGTON
_b
NATIONAL GEOGRAPHIC
300
_a
223
650
_a
GENERAL KNOWLEDGE
_z
WASHINGTON
942
_c
BK
999
_c
2679
_d
2679